000 00291nam a22001337a 4500
008 170331b xxu||||| |||| 00| 0 eng d
020 _a081515865
041 _aeng
080 _23 ED
_a617
100 _a8
101 _aSHM
245 _aPRACTICAL ORTHOPEDICS
_cMERCIER.L.R
942 _2udc
_cBK
999 _c9321
_d9321